Tóth, Ágnes. Rückkehr nach Ungarn 1946-1950. - München

Titel: Tóth, Ágnes. Rückkehr nach Ungarn 1946-1950. - München : Oldenbourg. - 2012 [Rezension]
Verfasser:
In: Jahrbuch für deutsche und osteuropäische Volkskunde, Band 53 (2012), Seite 232-234
alle Artikel anzeigen
Veröffentlicht: 2012
Format: Aufsatz
Sprache: Deutsch
Kein Bild verfügbar
X
alg: 39513744
001A    $01999:12-11-16 
001B    $01999:04-08-21 $t21:06:03.000 
001D    $01999:12-11-16 
001U    $0utf8 
001X    $00 
002@    $0Aox 
003@    $0395137446 
007A    $0395137446 $aHEB 
007T    $0Herdc0101334m 
010@    $ager 
011@    $a2012 
021A    $aTóth, Ágnes. Rückkehr nach Ungarn 1946-1950. - München $dOldenbourg. -  2012 [Rezension] 
028A    $aProsser-Schell $dMichael 
031A    $d53 $h232-234 $j2012 
039B    $aIn $8--Abvc--. Jahrbuch für deutsche und osteuropäische Volkskunde. - Münster, Westf. ; New York, NY : Waxmann, 1995-2017. - ISSN 0949-3409 $x201200000530000768 $9048660175 
039T    $8--Aau--Tóth, Ágnes$Z1961- [Tp3]. Rückkehr nach Ungarn 1946-1950. - München : Oldenbourg, 2012. - 389 S.. - ISBN 978-3-486-71206-3 $9300522592 
045F    $a900.9439 $eDDC23BSB 
045F/01 $a900 
045F/03 $g439 
045T    $aSKA $qDE-11 $2FID 
045T    $a7,20 
045T    $aGER $qDE-30 $2FID 

lok: 39513744 78

exp: 39513744 78 1 #EPN
201B/01 $018-11-16 $t13:51:28.000 
201U/01 $0utf8 
203@/01 $0791436144 
208@/01 $a12-11-16 $be 
209A/01 $a/ $f000 $x00 
220C/01 $aTitelaufnehmer: pg 
220C/01 $aHerkunft: HI Marburg 
244Z/01 $2Trx $#Ungari $#Vengrija $#Ungārija $#Ungarn $#Hungary $#Węgry $#Maďarsko $#Maďarsko $#Uhorsko $#Uhersko;Uhry $8--Trx--Magyarország $x01 $9391197150 
244Z/01 $2Trx $#arvustused $#recenzijos $#Reviews $#recenziók $#recenzje $#recenzie $#recenze $8--Trx--Rezensionen $x02 $9391357441 
247C/01 $82080>Marburg/Lahn, Herder-Institut, Forschungsbibliothek, Bibliographieportal $9336309341
LEADER 00000caa a22000002c 4500
001 395137446
003 DE-603
005 20210804210603.0
007 tu
008 161112s2012 xx |||| | u00||u|ger c
035 |a (DE-599)HEB395137446 
040 |a DE-603  |b ger  |c DE-603  |d DE-603 
041 |a ger 
082 0 4 |8 1\u  |a 900.9439  |q DE-101  |2 23/BSB 
084 |a SKA  |q DE-11  |2 fid 
084 |a 7,20  |2 ssgn 
084 |a GER  |q DE-30  |2 fid 
085 |8 1\u  |b 900 
085 |8 1\u  |z 2  |s 439 
100 1 |a Prosser-Schell, Michael 
245 0 0 |a Tóth, Ágnes. Rückkehr nach Ungarn 1946-1950. - München  |b Oldenbourg. - 2012 [Rezension] 
264 0 |c 2012 
773 0 8 |i In  |t Jahrbuch für deutsche und osteuropäische Volkskunde  |d Münster, Westf. ; New York, NY : Waxmann, 1995-2017  |h 21 cm  |x 0949-3409  |g Band 53 (2012), Seite 232-234  |w (DE-603)048660175  |w (DE-600)1235585-9 
787 0 8 |i Rezension von  |a Tóth, Ágnes, 1961-  |t Rückkehr nach Ungarn 1946-1950  |d München : Oldenbourg, 2012  |h 389 S.  |z 9783486712063  |z 3486712063  |w (DE-603)300522592 
924 0 |9 2080  |a (DE-603)791436144  |b DE-2080  |c HES  |d d  |g /